Japan's capitalism : Creative defeat and beyond
Contents: Japan's economic reconstruction after total defeat in the Second World War has been an extraordinary phenomenon. Shigeto Tsuru, one of Japan's most eminent economists gives a comprehensive account of the recovery process, and a unique interpretation of the postwar Japanese econom...
Đã lưu trong:
| Príomhúdar: | |
|---|---|
| Formáid: | Leabhar |
| Teanga: | Undetermined |
| Foilsithe: |
Cambridge
Cambridge University Press
1996
|
| Ábhair: | |
| Clibeanna: |
Cuir Clib Leis
Gan Chlibeanna, Bí ar an gcéad duine leis an taifead seo a chlibeáil!
|
| Thư viện lưu trữ: | Trung tâm Học liệu Trường Đại học Cần Thơ |
|---|
| LEADER | 00928nam a2200229Ia 4500 | ||
|---|---|---|---|
| 001 | CTU_222093 | ||
| 008 | 210402s9999 xx 000 0 und d | ||
| 082 | |a 330.952 | ||
| 082 | |b T882 | ||
| 100 | |a Tsuru, Shigeto | ||
| 245 | 0 | |a Japan's capitalism : | |
| 245 | 0 | |b Creative defeat and beyond | |
| 245 | 0 | |c Shigeto Tsuru | |
| 260 | |a Cambridge | ||
| 260 | |b Cambridge University Press | ||
| 260 | |c 1996 | ||
| 520 | |a Contents: Japan's economic reconstruction after total defeat in the Second World War has been an extraordinary phenomenon. Shigeto Tsuru, one of Japan's most eminent economists gives a comprehensive account of the recovery process, and a unique interpretation of the postwar Japanese economy. | ||
| 650 | |a Japan,Nhật Bản | ||
| 650 | |x Economic conditions,Điều kiện kinh tế | ||
| 650 | |y 1989-,1989- | ||
| 904 | |i Tuyến | ||
| 980 | |a Trung tâm Học liệu Trường Đại học Cần Thơ | ||